000 00379pab a2200157 454500
008 180718b2008 xxu||||| |||| 00| 0 eng d
100 _aAnand, Vinod
245 _aInformal sector: the inhibiting constraints
260 _c2008
300 _ap.125-42.
362 _aJul
650 _aInformal sector
773 _aIndian Journal of Economics
908 _aN
909 _a82441
999 _c82441
_d82441